[Event "GRE-chT 47th"]
[Site "Patras"]
[Date "2019.07.02"]
[Round "1.2"]
[White "Liakos, Christos Konstanti"]
[Black "Tsarsitalidis, Konstantinos"]
[Result "0-1"]
[WhiteElo "1470"]
[BlackElo "2001"]
[PlyCount "126"]
[EventDate "2019.07.02"]
[EventType "team-swiss"]
[EventRounds "7"]
[EventCountry "GRE"]
[SourceTitle "CBM 191 Extra"]
[Source "ChessBase"]
[SourceDate "2019.09.30"]
[SourceVersion "1"]
[SourceVersionDate "2019.09.30"]
[SourceQuality "1"]
[WhiteTeam "Kalamata Poseidon"]
[BlackTeam "Thessaloniki"]
[WhiteTeamCountry "GRE"]
[BlackTeamCountry "GRE"]

1. e4 c5 2. Nc3 a6 3. f4 b5 4. g3 Bb7 5. Bg2 e6 6. d3 d5 7. Qe2 d4 8. Nd1 Nc6 9. Nf3 Nf6 10. 0-0 Be7 11. f5 e5 12. Ng5 h6 13. Nh3 h5 14. Ng5 Qc7 15. a3 Bd6 16. Kh1 0-0-0 17. Nf2 Rdf8 18. Bd2 Qe7 19. h3 Kb8 20. c3 g6 21. fxg6 fxg6 22. a4 Bc8 23. axb5 axb5 24. Ra2 Nh7 25. Nf3 g5 26. Ne1 Be6 27. c4 g4 28. h4 b4 29. b3 Rf7 30. Qd1 Bc8 31. Qa1 Bb7 32. Kh2 Rhf8 33. Bh6 Rg8 34. Rb2 Rg6 35. Bc1 Rgf6 36. Qa2 Qf8 37. Rc2 Bc8 38. Kg1 Qd8 39. Qa4 Qb6 40. Qa2 Ra7 41. Qb2 Ra6 42. Nd1 Qa7 43. Rxf6 Nxf6 44. Rf2 Ne8 45. Nc2 Be6 46. Bh6 Be7 47. Qb1 Kc8 48. Nb2 Na5 49. Nd1 Bf6 50. Bf8 Nb7 51. Nb2 Qb6 52. Na4 Qc7 53. Bf1 Bd7 54. Nb2 Qd8 55. Qc1 Ng7 56. Bxg7 Bxg7 57. Be2 Bh6 58. Qb1 Qa5 59. Bd1 Qa2 60. Qxa2 Rxa2 61. Na4 Bxa4 62. bxa4 b3 63. Ne1 Be3 0-1

[Event "GRE-chT 46th"]
[Site "Rio Achaia"]
[Date "2018.07.11"]
[Round "2.14"]
[White "Damianou, Ioannis"]
[Black "Liakos, Christos Konstanti"]
[Result "1-0"]
[WhiteElo "2058"]
[BlackElo "1370"]
[PlyCount "89"]
[EventDate "2018.07.10"]
[EventType "team"]
[EventRounds "7"]
[EventCountry "GRE"]
[SourceTitle "CBM 185 Extra"]
[Source "ChessBase"]
[SourceDate "2018.07.29"]
[SourceVersion "1"]
[SourceVersionDate "2018.07.29"]
[SourceQuality "1"]
[WhiteTeam "Papagou AS"]
[BlackTeam "Kalamata Poseidon"]
[WhiteTeamCountry "GRE"]
[BlackTeamCountry "GRE"]

1. Nf3 c5 2. g3 Nc6 3. c4 Nf6 4. Bg2 g6 5. 0-0 Bg7 6. Nc3 0-0 7. d4 cxd4 8. Nxd4 Nxd4 9. Qxd4 d6 10. Qd2 Qa5 11. b3 a6 12. Bb2 Rb8 13. Rfd1 Kh8 14. Rac1 Bf5 15. h3 Rfc8 16. e4 Be6 17. Nd5 Qxd2 18. Rxd2 Nxd5 19. exd5 Bxb2 20. Rxb2 Bd7 21. Re2 e5 22. dxe6 Bxe6 23. Rd1 b5 24. cxb5 axb5 25. Rxd6 Rc1+ 26. Kh2 Rc5 27. Red2 Kg7 28. Be4 h5 29. h4 Re5 30. Bg2 Rc5 31. Rc6 Rxc6 32. Bxc6 Rb6 33. Be4 Kf6 34. Kg2 Ke5 35. Kf3 f5 36. Bd3 Rd6 37. Re2+ Kd4 38. Bxb5 Rb6 39. Ba4 Bd5+ 40. Kf4 Kd3 41. Re3+ Kd2 42. Kg5 Be4 43. Be8 Ra6 44. Bxg6 Rxg6+ 45. Kxg6 1-0

[Event "GRE-chT 45th"]
[Site "Achaia"]
[Date "2017.07.04"]
[Round "2.14"]
[White "Liakos, Christos Konstanti"]
[Black "Koukouvinos, Viktor"]
[Result "1-0"]
[WhiteElo "1386"]
[BlackElo "1431"]
[PlyCount "57"]
[EventDate "2017.07.03"]
[EventType "team-swiss"]
[EventRounds "7"]
[EventCountry "GRE"]
[SourceTitle "CBM 179 Extra"]
[Source "ChessBase"]
[SourceDate "2017.08.23"]
[SourceVersion "1"]
[SourceVersionDate "2017.08.23"]
[SourceQuality "1"]
[WhiteTeam "Kalamata Poseidon"]
[BlackTeam "Volos IN"]
[WhiteTeamCountry "GRE"]
[BlackTeamCountry "GRE"]

1. e4 e5 2. Nf3 Nc6 3. Bc4 Nf6 4. d3 Be7 5. c3 0-0 6. Nbd2 h6 7. Nf1 d6 8. Ng3 Na5 9. Bb5 a6 10. Ba4 b5 11. Bc2 c5 12. 0-0 Nc6 13. Nh4 Nxe4 14. Qf3 Bxh4 15. Qxe4 Bd7 16. d4 f5 17. Qd5+ Kh8 18. dxc5 dxc5 19. Rd1 Ra7 20. Qxc5 Qf6 21. Rd6 Qe7 22. Nh5 f4 23. g3 Bg5 24. h4 fxg3 25. Bxg5 gxf2+ 26. Kh2 hxg5 27. Rf1 Qf7 28. Be4 Qxh5 29. Rh6+ 1-0

[Event "GRE-chT U16 9th"]
[Site "Thessaloniki"]
[Date "2016.12.18"]
[Round "6.1"]
[White "Liakos, Christos Konstanti"]
[Black "Tzovanis, Anastasios Anagnost"]
[Result "1-0"]
[WhiteElo "1348"]
[BlackElo "1358"]
[PlyCount "47"]
[EventDate "2016.12.15"]
[EventType "team-swiss"]
[EventRounds "6"]
[EventCountry "GRE"]
[SourceTitle "CBM 176 Extra"]
[Source "ChessBase"]
[SourceDate "2017.03.02"]
[SourceVersion "1"]
[SourceVersionDate "2017.03.02"]
[SourceQuality "1"]
[WhiteTeam "Kalamata"]
[BlackTeam "Kalamarias Han"]
[WhiteTeamCountry "GRE"]
[BlackTeamCountry "GRE"]

1. e4 c5 2. Nc3 d6 3. f4 Nf6 4. Bc4 a6 5. a4 e6 6. Ba2 Be7 7. d3 b6 8. Nf3 Bb7 9. 0-0 0-0 10. Qe1 Re8 11. Qg3 Bf8 12. f5 exf5 13. Ng5 d5 14. Rxf5 g6 15. Rf1 Ra7 16. Qh4 Bg7 17. exd5 Bxd5 18. Nxd5 Nxd5 19. Qxh7+ Kf8 20. Qxg6 Bd4+ 21. Kh1 Bf2 22. Nh7+ Ke7 23. Bg5+ Kd7 24. Qf5+ 1-0

[Event "GRE-chT 44th"]
[Site "Achaia"]
[Date "2016.07.10"]
[Round "7.5"]
[White "Loutragotis, Dimitrios"]
[Black "Liakos, Christos Konstanti"]
[Result "1-0"]
[WhiteElo "2013"]
[BlackElo "1411"]
[PlyCount "57"]
[EventDate "2016.07.05"]
[EventType "team-swiss"]
[EventRounds "7"]
[EventCountry "GRE"]
[SourceTitle "CBM 173 Extra"]
[Source "ChessBase"]
[SourceDate "2016.08.29"]
[SourceVersion "1"]
[SourceVersionDate "2016.08.29"]
[SourceQuality "1"]
[WhiteTeam "Glyfadas Zenon"]
[BlackTeam "Kalamata Poseidon"]
[WhiteTeamCountry "GRE"]
[BlackTeamCountry "GRE"]

1. e4 c5 2. Nc3 Nc6 3. g3 g6 4. Bg2 Bg7 5. Nge2 d6 6. 0-0 e6 7. d3 Nge7 8. Be3 0-0 9. d4 cxd4 10. Nxd4 Nxd4 11. Bxd4 Nc6 12. Bxg7 Kxg7 13. Rb1 a6 14. Qd2 Qe7 15. a4 Rb8 16. f4 b5 17. f5 exf5 18. exf5 Qe5 19. f6+ Kh8 20. Qh6 Rg8 21. Rf4 Qe3+ 22. Kh1 Ne5 23. Nd5 Qd2 24. Ne7 Ng4 25. Qh4 Nf2+ 26. Rxf2 Qxf2 27. Nxg8 Kxg8 28. Rf1 Qe3 29. Qb4 1-0

[Event "GRE-chT 44th"]
[Site "Achaia"]
[Date "2016.07.08"]
[Round "5.5"]
[White "Spyropoulos, Nikolaos"]
[Black "Liakos, Christos Konstanti"]
[Result "1-0"]
[WhiteElo "2106"]
[BlackElo "1411"]
[PlyCount "79"]
[EventDate "2016.07.05"]
[EventType "team-swiss"]
[EventRounds "7"]
[EventCountry "GRE"]
[SourceTitle "CBM 173 Extra"]
[Source "ChessBase"]
[SourceDate "2016.08.29"]
[SourceVersion "1"]
[SourceVersionDate "2016.08.29"]
[SourceQuality "1"]
[WhiteTeam "Three Stars 89"]
[BlackTeam "Kalamata Poseidon"]
[WhiteTeamCountry "GRE"]
[BlackTeamCountry "GRE"]

1. e4 c5 2. Nf3 Nc6 3. d4 cxd4 4. Nxd4 g6 5. c4 Bg7 6. Be3 Nf6 7. Nc3 0-0 8. Be2 d6 9. 0-0 Bd7 10. f3 Nxd4 11. Bxd4 Bc6 12. b4 b6 13. Qd2 Nd7 14. Bxg7 Kxg7 15. Rfd1 Bb7 16. Rac1 Rc8 17. Qd4+ Kg8 18. f4 Nf6 19. Qe3 Qc7 20. g4 a6 21. g5 Nh5 22. Bxh5 gxh5 23. Ne2 Qd7 24. Qf3 Qg4+ 25. Kf2 Qxf3+ 26. Kxf3 f5 27. gxf6 Rxf6 28. Ke3 Kf7 29. f5 Rg8 30. Nf4 Bc6 31. Rg1 Rg4 32. h3 Rxg1 33. Rxg1 e5 34. fxe6+ Kf8 35. Rg5 Rh6 36. Rf5+ Ke8 37. b5 axb5 38. cxb5 Bb7 39. Kd4 h4 40. a4 1-0

[Event "GRE-chT 44th"]
[Site "Achaia"]
[Date "2016.07.06"]
[Round "3.8"]
[White "Liakos, Christos Konstanti"]
[Black "Sotiropoulos, Anastasios Theohar"]
[Result "0-1"]
[WhiteElo "1411"]
[BlackElo "1605"]
[PlyCount "62"]
[EventDate "2016.07.05"]
[EventType "team-swiss"]
[EventRounds "7"]
[EventCountry "GRE"]
[SourceTitle "CBM 173 Extra"]
[Source "ChessBase"]
[SourceDate "2016.08.29"]
[SourceVersion "1"]
[SourceVersionDate "2016.08.29"]
[SourceQuality "1"]
[WhiteTeam "Kalamata Poseidon"]
[BlackTeam "Naples Sykeon"]
[WhiteTeamCountry "GRE"]
[BlackTeamCountry "GRE"]

1. e4 c6 2. d4 d5 3. Nc3 dxe4 4. Nxe4 Bf5 5. Ng3 Bg6 6. h4 h6 7. h5 Bh7 8. Bc4 e6 9. Nf3 Nd7 10. Bf4 Ngf6 11. Qd2 Nb6 12. Bb3 a5 13. a4 Nbd5 14. 0-0 Be7 15. Be5 0-0 16. Rad1 Qb6 17. Rfe1 Bb4 18. c3 Bxc3 19. bxc3 Qxb3 20. Bxf6 Nxf6 21. Ra1 Rfd8 22. Ne5 c5 23. Rec1 Qd5 24. Rd1 cxd4 25. cxd4 b5 26. axb5 Qxb5 27. Qc3 Rdc8 28. Qa3 Qb4 29. Qxb4 axb4 30. Rxa8 Rxa8 31. Rb1 Bxb1 0-1

[Event "GRE ESSPEP-ch 12th"]
[Site "Kalamata"]
[Date "2016.04.26"]
[Round "3"]
[White "Labrakopoulos, Alexandros"]
[Black "Liakos, Christos Konstanti"]
[Result "1-0"]
[WhiteElo "1707"]
[BlackElo "1457"]
[PlyCount "89"]
[EventDate "2016.04.25"]
[EventType "swiss"]
[EventRounds "5"]
[EventCountry "GRE"]
[SourceTitle "EXT 2024"]
[Source "ChessBase"]
[SourceDate "2023.10.10"]
[SourceVersion "1"]
[SourceVersionDate "2023.10.10"]
[SourceQuality "1"]

1. d4 Nf6 2. c4 e6 3. g3 d5 4. Nf3 Bb4+ 5. Bd2 Qe7 6. Nc3 0-0 7. Bg2 b6 8. cxd5 exd5 9. Ne5 Bb7 10. Qb3 Bxc3 11. Bxc3 Re8 12. 0-0 Nbd7 13. Nxd7 Qxd7 14. Rfe1 Ne4 15. a4 a5 16. f3 Nd6 17. Qc2 Nc4 18. e4 dxe4 19. fxe4 Re7 20. b3 Nd6 21. Rad1 Rae8 22. d5 Qg4 23. e5 Nf5 24. Be4 Nh4 25. Qd3 Rd8 26. Rf1 Ng6 27. Bf3 Qd7 28. Rfe1 c6 29. d6 Ree8 30. Qe4 Qe6 31. Qc4 Qxc4 32. bxc4 Rd7 33. Bg4 Rdd8 34. Rb1 Ba6 35. Rxb6 Bxc4 36. Rxc6 Bb3 37. d7 Rf8 38. Bxa5 Ra8 39. d8Q Rfxd8 40. Bxd8 Rxd8 41. a5 h6 42. Rc8 Rxc8 43. Bxc8 Bd5 44. a6 Ne7 45. Bb7 1-0

[Event "GRE-chT 43rd"]
[Site "Porto Rio"]
[Date "2015.10.12"]
[Round "7.8"]
[White "Ioannou, Ioannis Nik"]
[Black "Liakos, Christos Konstanti"]
[Result "0-1"]
[WhiteElo "1359"]
[BlackElo "1337"]
[PlyCount "38"]
[EventDate "2015.10.08"]
[EventType "team-swiss"]
[EventRounds "7"]
[EventCountry "GRE"]
[SourceTitle "CBM 168 Extra"]
[Source "ChessBase"]
[SourceDate "2015.10.29"]
[SourceVersion "1"]
[SourceVersionDate "2015.10.29"]
[SourceQuality "1"]
[WhiteTeam "Polichnis"]
[BlackTeam "Kalamata Poseidon"]
[WhiteTeamCountry "GRE"]
[BlackTeamCountry "GRE"]

1. d4 Nf6 2. c4 e6 3. a3 Ne4 4. Nf3 d5 5. cxd5 exd5 6. Nc3 Nxc3 7. bxc3 c5 8. c4 dxc4 9. Qa4+ Nc6 10. Qxc4 cxd4 11. Bb2 Be6 12. Qa4 Bc5 13. Rd1 Qb6 14. Nxd4 Qxb2 15. Nxc6 Bb3 16. Qe4+ Kf8 17. Qf5 Qc3+ 18. Rd2 Qc1+ 19. Rd1 Qxd1# 0-1

[Event "GRE-chT 43rd"]
[Site "Porto Rio"]
[Date "2015.10.08"]
[Round "2.9"]
[White "Tzagarakis, Panagiotis"]
[Black "Liakos, Christos Konstanti"]
[Result "1/2-1/2"]
[WhiteElo "1508"]
[BlackElo "1337"]
[PlyCount "115"]
[EventDate "2015.10.08"]
[EventType "team-swiss"]
[EventRounds "7"]
[EventCountry "GRE"]
[SourceTitle "CBM 168 Extra"]
[Source "ChessBase"]
[SourceDate "2015.10.29"]
[SourceVersion "1"]
[SourceVersionDate "2015.10.29"]
[SourceQuality "1"]
[WhiteTeam "Chania Kaissa"]
[BlackTeam "Kalamata Poseidon"]
[WhiteTeamCountry "GRE"]
[BlackTeamCountry "GRE"]

1. e4 c5 2. Nf3 Nc6 3. d4 cxd4 4. Nxd4 g6 5. c4 Bg7 6. Be3 Nf6 7. Nc3 0-0 8. Be2 d6 9. 0-0 Bd7 10. Qd2 Nxd4 11. Bxd4 Bc6 12. f3 a5 13. Nd5 Nd7 14. Bxg7 Kxg7 15. f4 Nf6 16. Nxf6 exf6 17. Bf3 Re8 18. Qd4 Qc7 19. Rad1 Rad8 20. f5 Re5 21. h4 Rde8 22. Qxd6 Qxd6 23. Rxd6 Bxe4 24. Bxe4 Rxe4 25. fxg6 fxg6 26. Rdxf6 R8e7 27. R6f4 Rxf4 28. Rxf4 Re2 29. Rf2 Re4 30. b3 Rxh4 31. Rd2 Rf4 32. Rd7+ Rf7 33. Rd5 Rf5 34. Rd4 b6 35. g3 Rf6 36. Kg2 Kh6 37. Kh3 g5 38. g4 Kg6 39. Rd5 h5 40. gxh5+ Kxh5 41. c5 bxc5 42. Rxc5 Ra6 43. Rb5 a4 44. b4 a3 45. Rf5 Rb6 46. b5 Rb7 47. Kg3 Rb6 48. Kf3 Kh4 49. Rc5 g4+ 50. Kf2 Rf6+ 51. Kg2 Rb6 52. Rf5 Rd6 53. Rf2 Rb6 54. Rf5 Rd6 55. Rf2 Rb6 56. Rf5 Rd6 57. Rf2 Rb6 58. Rf5 1/2-1/2

[Event "GRE-chT 42nd"]
[Site "Porto Rio"]
[Date "2014.07.02"]
[Round "6.10"]
[White "Gkikas, Ioannis"]
[Black "Liakos, Christos Konstanti"]
[Result "0-1"]
[WhiteElo "1341"]
[BlackElo "1314"]
[PlyCount "78"]
[EventDate "2014.06.28"]
[EventType "team-swiss"]
[EventRounds "7"]
[EventCountry "GRE"]
[SourceTitle "CBM 161 Extra"]
[Source "ChessBase"]
[SourceDate "2014.08.29"]
[SourceVersion "1"]
[SourceVersionDate "2014.08.29"]
[SourceQuality "1"]
[WhiteTeam "AEK"]
[BlackTeam "Kalamata Poseidon"]
[WhiteTeamCountry "GRE"]
[BlackTeamCountry "GRE"]

1. e4 e5 2. Nf3 Nc6 3. Nc3 Nf6 4. Bb5 Bb4 5. 0-0 0-0 6. d3 d6 7. Bg5 h6 8. Bh4 Bg4 9. Nd5 Bxf3 10. Qxf3 Nd4 11. Qe3 Nxd5 12. Qxd4 Qxh4 13. Qxd5 c6 14. Qc4 Bc5 15. Ba4 b5 16. Bxb5 cxb5 17. Qxb5 Rab8 18. Qc6 Rxb2 19. g3 Qf6 20. Qa4 Rfb8 21. a3 Qf3 22. Rae1 Rb1 23. Qa5 R8b4 24. Qxb4 Bxb4 25. Rxb1 Bxa3 26. h4 Qe2 27. Ra1 Bc5 28. Rac1 a5 29. Ra1 Qxc2 30. Rxa5 Qxd3 31. Raa1 Qxe4 32. Rae1 Qf3 33. Rb1 e4 34. Rbe1 f5 35. Rb1 e3 36. fxe3 Qxg3+ 37. Kh1 Qh3+ 38. Kg1 Bxe3+ 39. Rf2 Qg3+ 0-1

[Event "GRE ESSPEP-ch"]
[Site "Peloponnisos"]
[Date "2014.03.23"]
[Round "4"]
[White "Liakos, Christos Konstanti"]
[Black "Drousias, Ioannis"]
[Result "0-1"]
[WhiteElo "1319"]
[BlackElo "1440"]
[PlyCount "112"]
[EventDate "2014.03.21"]
[EventType "swiss"]
[EventRounds "5"]
[EventCountry "GRE"]
[SourceTitle "EXT 2024"]
[Source "ChessBase"]
[SourceDate "2023.10.10"]
[SourceVersion "1"]
[SourceVersionDate "2023.10.10"]
[SourceQuality "1"]

1. d4 d5 2. c4 e6 3. Nc3 Nf6 4. cxd5 exd5 5. Bg5 Be7 6. e3 0-0 7. Bd3 Nc6 8. Nge2 Be6 9. 0-0 a6 10. a3 Na5 11. Qc2 h6 12. Bh4 Nc4 13. e4 dxe4 14. Nxe4 Nxe4 15. Bxe7 Qxe7 16. Bxe4 Nd6 17. Bf3 c6 18. Nf4 Bf5 19. Qc5 Rfe8 20. h3 Qd7 21. Rfe1 Ne4 22. Qb4 a5 23. Qa4 Ng5 24. d5 Nxf3+ 25. gxf3 Rxe1+ 26. Rxe1 b5 27. dxc6 Qd2 28. Rd1 Qxb2 29. Qd4 Qxd4 30. Rxd4 g5 31. c7 Kg7 32. Rd8 Rc8 33. Rxc8 Bxc8 34. Nd5 Bxh3 35. Nb6 b4 36. axb4 axb4 37. Nc4 Kf8 38. Kh2 Be6 39. Nb2 Ke7 40. Kg2 Kd7 41. Kf1 Kxc7 42. Ke1 h5 43. Nd1 Kb6 44. Kd2 Ka5 45. Kc1 Bd5 46. Kb2 Bxf3 47. Ne3 h4 48. Nf1 h3 49. Kb3 Be2 50. Nh2 g4 51. Kb2 Ka4 52. Ka2 b3+ 53. Kb2 Kb4 54. Kb1 Kc3 55. Kc1 b2+ 56. Kb1 Kb3 0-1

[Event "GRE ESSPEP-ch"]
[Site "Peloponnisos"]
[Date "2014.03.22"]
[Round "3"]
[White "Hrisafis, Argirios"]
[Black "Liakos, Christos Konstanti"]
[Result "1-0"]
[WhiteElo "1950"]
[BlackElo "1319"]
[PlyCount "87"]
[EventDate "2014.03.21"]
[EventType "swiss"]
[EventRounds "5"]
[EventCountry "GRE"]
[SourceTitle "EXT 2024"]
[Source "ChessBase"]
[SourceDate "2023.10.10"]
[SourceVersion "1"]
[SourceVersionDate "2023.10.10"]
[SourceQuality "1"]

1. e4 c5 2. Nf3 Nc6 3. d4 cxd4 4. Nxd4 g6 5. Be3 Bg7 6. Nc3 Nf6 7. Bc4 0-0 8. Bb3 d6 9. f3 Qb6 10. Nf5 Qa5 11. Nxg7 Kxg7 12. Qd2 b5 13. Bh6+ Kg8 14. Bxf8 Kxf8 15. Nd5 Qxd2+ 16. Kxd2 Nxd5 17. Bxd5 Bd7 18. Rhc1 Rb8 19. b3 Nb4 20. a3 Nxd5 21. exd5 a5 22. c4 b4 23. axb4 axb4 24. Ra7 Ke8 25. Rca1 e6 26. dxe6 Bxe6 27. Ra8 Rxa8 28. Rxa8+ Ke7 29. Rb8 d5 30. Rxb4 dxc4 31. Rxc4 Bxc4 32. bxc4 Kd6 33. Kd3 Kc5 34. h4 f6 35. g4 h5 36. gxh5 gxh5 37. Ke4 Kxc4 38. Kf5 Kd4 39. Kxf6 Ke3 40. Kg5 Kxf3 41. Kxh5 Kf4 42. Kg6 Ke5 43. h5 Ke6 44. h6 1-0

[Event "GRE ESSPEP-ch"]
[Site "Peloponnisos"]
[Date "2014.03.22"]
[Round "2"]
[White "Papoulakou, Panagiota"]
[Black "Liakos, Christos Konstanti"]
[Result "0-1"]
[WhiteElo "1060"]
[BlackElo "1319"]
[PlyCount "74"]
[EventDate "2014.03.21"]
[EventType "swiss"]
[EventRounds "5"]
[EventCountry "GRE"]
[SourceTitle "EXT 2024"]
[Source "ChessBase"]
[SourceDate "2023.10.10"]
[SourceVersion "1"]
[SourceVersionDate "2023.10.10"]
[SourceQuality "1"]

1. d4 Nf6 2. Nc3 d5 3. f3 Bf5 4. e4 dxe4 5. fxe4 Nxe4 6. Nxe4 Bxe4 7. c3 Nc6 8. Qg4 Qd5 9. Ne2 Qf5 10. Qxf5 Bxf5 11. Ng3 Bg6 12. Be2 e6 13. Rf1 Bd6 14. Bf4 e5 15. dxe5 Bxe5 16. Bxe5 Nxe5 17. Rd1 0-0 18. Rf4 Rfe8 19. Rfd4 h5 20. h4 Ng4 21. Kd2 Rad8 22. Bxg4 hxg4 23. Kc1 Rxd4 24. Rxd4 Re1+ 25. Kd2 Rg1 26. Rxg4 Rxg2+ 27. Kc1 Rc2+ 28. Kd1 Rxb2 29. h5 Bh7 30. Rd4 Kf8 31. Rd7 c6 32. a3 Ke8 33. Rc7 Bd3 34. Rc8+ Ke7 35. Rh8 Rg2 36. Nh1 Bf5 37. Ke1 Rg1+ 0-1